Différends territoriaux de la Chine - Statistiques

Statistiques générales
  • Ce quiz a été pris 1 013 fois
  • Le résultat moyen est 7 sur 9
Statistiques - réponses
Pays % Correct
Japon
92%
Taïwan
90%
Inde
88%
Viêt Nam
83%
Indonésie
71%
Philippines
70%
Malaisie
62%
Bhoutan
61%
Brunei
36%
Aucun quiz correspondant
Distribution des résultats
% des personnes avec chaque résultat
Percentile par nombre de réponses
Votre historique - résultats
Vous n’avez pas pris ce quiz